000 01108nam a22002897a 4500
001 6727
003 FISKH
005 20251120143139.0
008 250522b cb ||||| |||| 00| 0 eng d
020 _a9781592496945
040 _aFISKH
_beng
_cFISKH
_dFISKH
050 _aPZ8.T29645
082 _a398.8
100 _aAnonymous
245 _aThis little piggy and other favorite rhymes /
_cIllustrated by Eric Smith, Dubravka Kolanovic, Louise Gardner, Karen Sapp and Sanja Rescek
260 _aNorwalk :
_bLittle Sound Prints,
_c2005.
300 _a24 unnumbered pages :
_bcolor illustrations ;
_c26 cm
505 _aNP
520 _aPresents illustrated versions of "This Little Piggy," "Little Miss Muffet," "Jack be Nimble," "Rain, Rain, Go Away," and "There's a Hole in My Bucket, Dear Liza," accompanied by a sing-along CD.
650 _aFairy Tale
_vNursery Rhymes
700 _aKolanovic, Dubravka
_eillustrator
700 _aGardner, Louise
_eillustrator
700 _aSapp, Karen
_eillustrator
700 _aRescek, Sanja
_eillustrator
942 _2ddc
_cBK
_n0
999 _c6727
_d6727